judicial

La relacion de causalidad (Registro nro. 6511)

Detalles MARC
000 -LEADER
fixed length control field 01249nam a22004217a 4500
003 - CONTROL NUMBER IDENTIFIER
control field OSt
005 - DATE AND TIME OF LATEST TRANSACTION
control field 20260331112156.0
007 - PHYSICAL DESCRIPTION FIXED FIELD--GENERAL INFORMATION
fixed length control field ta
008 - FIXED-LENGTH DATA ELEMENTS--GENERAL INFORMATION
fixed length control field 260331s2024 ag ||||| |||| 00| 0 spa d
020 ## - INTERNATIONAL STANDARD BOOK NUMBER
International Standard Book Number 9789878056678
040 ## - CATALOGING SOURCE
Transcribing agency cj catamarca
082 ## - DEWEY DECIMAL CLASSIFICATION NUMBER
Classification number 347.5 L649
100 10 - MAIN ENTRY--PERSONAL NAME
9 (RLIN) 300
Personal name Le Tourneau, Philippe
245 13 - TITLE STATEMENT
Title La relacion de causalidad
250 ## - EDITION STATEMENT
Edition statement 1º ed.
260 ## - PUBLICATION, DISTRIBUTION, ETC.
Place of publication, distribution, etc. Buenos Aires:
Name of publisher, distributor, etc. Hammurabi,
Date of publication, distribution, etc. 2024
300 ## - PHYSICAL DESCRIPTION
Extent 338 p.
Dimensions 23 cm
490 ## - SERIES STATEMENT
Series statement Responsabilidad civil
Volume/sequential designation 1
500 ## - GENERAL NOTE
General note INVENTARIO Nº 8130
650 #7 - SUBJECT ADDED ENTRY--TOPICAL TERM
Source of heading or term SAIJ
653 ## - INDEX TERM--UNCONTROLLED
Uncontrolled term RESPONSABILIDAD CIVIL
653 ## - INDEX TERM--UNCONTROLLED
Uncontrolled term CAUSALIDAD
653 ## - INDEX TERM--UNCONTROLLED
Uncontrolled term RELACION CAUSAL-DERECHO
653 ## - INDEX TERM--UNCONTROLLED
Uncontrolled term CAUSALIDAD JURIDICA
653 ## - INDEX TERM--UNCONTROLLED
Uncontrolled term CAUSALIDAD MATERIAL
653 ## - INDEX TERM--UNCONTROLLED
Uncontrolled term CODIGO CIVIL FRANCES-CAUSALIDAD
653 ## - INDEX TERM--UNCONTROLLED
Uncontrolled term CAUSALIDAD-CULPABILIDAD
653 ## - INDEX TERM--UNCONTROLLED
Uncontrolled term CAUSALIDAD-CCYC
653 ## - INDEX TERM--UNCONTROLLED
Uncontrolled term CAUSALIDAD-REQUISITOS-ESCENCIA
653 ## - INDEX TERM--UNCONTROLLED
Uncontrolled term CAUSALIDAD-INCERTIDUMBRE
653 ## - INDEX TERM--UNCONTROLLED
Uncontrolled term CAUSALIDAD-TEORIAS
653 ## - INDEX TERM--UNCONTROLLED
Uncontrolled term CONCAUSALIDAD-COCAUSACION
653 ## - INDEX TERM--UNCONTROLLED
Uncontrolled term CAUSALIDAD-PRUEBA
653 ## - INDEX TERM--UNCONTROLLED
Uncontrolled term CAUSALIDAD-JURISPRUDENCIA
700 10 - ADDED ENTRY--PERSONAL NAME
9 (RLIN) 301
Personal name Lopez Mesa, Marcelo
Relator term autor
856 ## - ELECTRONIC LOCATION AND ACCESS
Uniform Resource Identifier <a href="https://drive.google.com/file/d/1MAM1mHTE5d_7zY-McohSaBIyVEZbWYow/view?usp=sharing">https://drive.google.com/file/d/1MAM1mHTE5d_7zY-McohSaBIyVEZbWYow/view?usp=sharing</a>
942 ## - ADDED ENTRY ELEMENTS (KOHA)
Source of classification or shelving scheme Dewey Decimal Classification
Koha item type Book
Suppress in OPAC No
Existencias
Withdrawn status Lost status Source of classification or shelving scheme Damaged status Not for loan Home library Current library Date acquired Source of acquisition Total Checkouts Full call number Barcode Date last seen Price effective from Koha item type
    Dewey Decimal Classification     PJCB PJCB 03/31/2026 Donado   347.5 L649 8130 03/31/2026 03/31/2026 Book
-->
  •  poder judicial

    Con tecnología Koha